| 000 | 01380cam a2200325 i 4500 | ||
|---|---|---|---|
| 001 | 20701 | ||
| 003 | CO-MdFUSB | ||
| 005 | 20161111073812.0 | ||
| 008 | 161101t1979 xxu||||f |||| 00| 0 eng d | ||
| 020 | _a0-8006-0466-0 | ||
| 040 |
_aCO-MdFUSB _bEspañol _cCO-MdFUSB _dCO-MdFUSB _erda |
||
| 041 | _aeng | ||
| 082 |
_224 _a220.66 _bN532ne |
||
| 100 | 1 |
_aBoers, Hendrikus _eautor |
|
| 245 | 1 | 0 |
_aWhat is New Testament theology? _b: The rise of criticism and the problem of a theology of the New Testament _c / Hendrikus Boers |
| 264 | 1 |
_aPhiladelphia, Pennsylvania : _bFortress Press, _c℗[1979] |
|
| 264 | 4 | _c©1979 | |
| 300 | _a95 páginas | ||
| 336 |
_2rdacontent _a1 _ba1 |
||
| 337 |
_2rdamedia _a2 _b5 |
||
| 338 |
_2rdacarrier _a2 _b5 |
||
| 490 | _aGuides to Biblical Scholarship | ||
| 501 | _aRústico | ||
| 505 | 0 | 0 | _aLos principios básicos de una teología del Nuevo Testamento - La teología bíblica como parte de una tarea integral teológica: Johann Philipp Gabler - La teología del Nuevo Testamento como la historia de la religión del Nuevo Testamento: William Wrede y Wilhelm Bousset - La teología del Nuevo Testamento - La importancia de la teología del Nuevo Testamento |
| 630 | 7 |
_aBiblia. _pNuevo Testamento _xTeología |
|
| 653 | _aNew Testament theology | ||
| 653 | _ateología del Nuevo Testamento | ||
| 942 | _cREF | ||
| 999 |
_c47052 _d47052 |
||